Calfucoy, con la tierra en los pies: Una fotonovela gráfica de Cecilia Toro.

Đã lưu trong:
Chi tiết về thư mục
Tác giả chính: Toro, Cecilia (autora)
Định dạng: Sách
Được phát hành: Santiago, Chile: Ocho Libros Editores, 2022.
Phiên bản:Primera edición.
Những chủ đề:
Các nhãn: Thêm thẻ
Không có thẻ, Là người đầu tiên thẻ bản ghi này!

MARC

LEADER 00000nam a22000007a 4500
003 CL-VaPUC
005 20250321101926.0
008 250120t2022 ||||| |||| 00| 0 eng d
999 |c 446680  |d 446678 
020 |a 978-956-335-606-9 
040 |c Pontificia Universidad Católica de Valparaíso 
082 |a 741.5 TOR 2022. 
100 |9 895638  |a Toro, Cecilia  |e autora 
245 |a Calfucoy, con la tierra en los pies:  |b Una fotonovela gráfica de Cecilia Toro. 
250 |a Primera edición. 
260 |a Santiago, Chile:  |b Ocho Libros Editores,  |c 2022. 
300 |a 112 páginas:  |b ilustraciones. 
500 |a c.1. Instituto Arcos.08-01-2025. 
583 |c 20250120  |k Gabriela Rodríguez Cuevas 
650 0 |9 561356  |a Novela gráfica  |x Infancia mapuche  |z Chile 
942 |2 ddc  |c BK  |n 0 
952 |0 0  |1 0  |2 ddc  |4 0  |6 741_500000000000000_TOR_2022  |7 0  |9 599594  |a BIBINC  |b BIBINC  |c GEN  |d 2025-01-20  |e Instituto Arcos  |i 5664404  |o 741.5 TOR 2022.  |p 5664404  |r 2025-01-20  |t 1  |w 2025-01-20  |y BK  |k IFP